<?xml version="1.0" encoding="UTF-8"?>
<record
    xmlns:xsi="http://www.w3.org/2001/XMLSchema-instance"
    xsi:schemaLocation="http://www.loc.gov/MARC21/slim http://www.loc.gov/standards/marcxml/schema/MARC21slim.xsd"
    xmlns="http://www.loc.gov/MARC21/slim">

  <leader>02851nam a22002417a 4500</leader>
  <controlfield tag="008">200130b        xxu||||| |||| 00| 0 eng d</controlfield>
  <datafield tag="020" ind1=" " ind2=" ">
    <subfield code="a">9780323052597</subfield>
  </datafield>
  <datafield tag="050" ind1=" " ind2=" ">
    <subfield code="a">RT120.I5.U74</subfield>
  </datafield>
  <datafield tag="100" ind1=" " ind2=" ">
    <subfield code="a">Urden, Linda D.</subfield>
  </datafield>
  <datafield tag="245" ind1=" " ind2=" ">
    <subfield code="a">Priorities in critical care nursing ./</subfield>
    <subfield code="c">Linda D Urden, Kathleen M. Stacy and Mary E. Lough</subfield>
  </datafield>
  <datafield tag="250" ind1=" " ind2=" ">
    <subfield code="a">5th ed.</subfield>
  </datafield>
  <datafield tag="260" ind1=" " ind2=" ">
    <subfield code="a">St Louis, Missouri:</subfield>
    <subfield code="b">Mosby/Elsevier,</subfield>
    <subfield code="c">2008.</subfield>
  </datafield>
  <datafield tag="300" ind1=" " ind2=" ">
    <subfield code="a">xii,577 [various pagings] p.:</subfield>
    <subfield code="b">ill. col.</subfield>
  </datafield>
  <datafield tag="500" ind1=" " ind2=" ">
    <subfield code="a">Caring for the critically ill patient --Ethical and legal issues -  Patient and family education  -- Psychosocial alterations --  Nutritional alterations -- Gerontological alterations --  Pain and pain management  -- Sedation and delirium management  -- End-of-life care  --  Cardiovascular clinical assessment and diagnostic procedures --  Cardiovascular disorders -- Cardiovascular therapeutic management -- Pulmonary clinical assessment and diagnostic procedures -- Pulmonary disorders  -- Pulmonary therapeutic management -- Neurological clinical assessment and diagnostic procedures -- Neurologic disorders and therapeutic management  -- Kidney clinical assessment and diagnostic procedures -- Kidney disorders and therapeutic management -- Gastrointestinal clinical assessment and diagnostic procedures  Gastrointestinal disorders and therapeutic management --  Endocrine clinical assessment and diagnostic procedures --  Endocrine disorders and therapeutic management -- Trauma --  Burns  -- Shock, sepsis, and multiple organ dysfunction syndrome -- Hematologic disorders and oncologic emergencies</subfield>
  </datafield>
  <datafield tag="520" ind1=" " ind2=" ">
    <subfield code="a">Stay on top of the most important issues in high acuity, progressive, and critical care settings with "Priorities in Critical Care Nursing, 8th Edition". Perfect for both practicing nurses and critical care nurses reviewing for CCRN certification alike, this evidence-based textbook uses the latest, most authoritative research to help you identify patient priorities in order to safely and expertly manage patient care. Succinct coverage of all core critical care nursing topics includes medications, patient safety, patient education, problem identification, and interprofessional collaborative management. You&lt;U+0019&gt;ll learn how to integrate the technology of critical care with the physiological needs and psychosocial concerns of patients and families to provide the highest-quality care. Additionally, this new edition places a unique focus on interprofessional patient problems to help you learn to speak a consistent language of patient problems and work successfully as part of an interprofessional team.</subfield>
  </datafield>
  <datafield tag="650" ind1=" " ind2=" ">
    <subfield code="a">Critical care</subfield>
  </datafield>
  <datafield tag="650" ind1=" " ind2=" ">
    <subfield code="a">Holistic nursing</subfield>
  </datafield>
  <datafield tag="650" ind1=" " ind2=" ">
    <subfield code="a">Intensive care nursing</subfield>
  </datafield>
  <datafield tag="700" ind1=" " ind2=" ">
    <subfield code="a">Stacy, Kathleen M.</subfield>
  </datafield>
  <datafield tag="700" ind1=" " ind2=" ">
    <subfield code="a">Lough, Mary E.</subfield>
  </datafield>
  <datafield tag="942" ind1=" " ind2=" ">
    <subfield code="2">lcc</subfield>
    <subfield code="c">BK</subfield>
  </datafield>
  <datafield tag="999" ind1=" " ind2=" ">
    <subfield code="c">7180</subfield>
    <subfield code="d">14680</subfield>
  </datafield>
  <datafield tag="952" ind1=" " ind2=" ">
    <subfield code="0">0</subfield>
    <subfield code="1">0</subfield>
    <subfield code="2">lcc</subfield>
    <subfield code="4">0</subfield>
    <subfield code="7">0</subfield>
    <subfield code="a">WIUC-KL</subfield>
    <subfield code="b">WIUC-KL</subfield>
    <subfield code="c">NURS L.</subfield>
    <subfield code="d">2019-11-29</subfield>
    <subfield code="o">RT120.I5.U74(5e)</subfield>
    <subfield code="p">KSN/905/905/19</subfield>
    <subfield code="r">2020-03-12 00:00:00</subfield>
    <subfield code="w">2020-03-12</subfield>
    <subfield code="y">BK</subfield>
  </datafield>
</record>
